| 000 | 01273nam a2200229Ia 4500 | ||
|---|---|---|---|
| 999 |
_c37414 _d37414 |
||
| 001 | 3373 | ||
| 003 | GE_BSU | ||
| 005 | 20190606181624.0 | ||
| 008 | 181216s1985|||| |||||||||||||| ||geo|| | ||
| 040 | _cGE_BSU | ||
| 041 | _ageo | ||
| 080 | _a681.2+004 ფ–30 | ||
| 100 |
_aფარცხალაძე, ბ. _92249 |
||
| 245 |
_aხელსაწყოებისა და გამოთვლითი სისტემების მექანიზმები (უმაღლ. რიგის კინემატიკური წყვილების შემცვლელი მექანიზმები) : დამხმ.სახელმძღვ. / _cბ. ფარცხალაძე ; თ. ნადირაძე ; რედ : ე.გიორგაძე. |
||
| 264 |
_aთბილისი : _bსპი, _c1985. |
||
| 300 |
_a107 გვ .: _c19 სმ. |
||
| 653 | _aხელსაწყოებისა და გამოთვლითი სისტემების მექანიზმები | ||
| 700 |
_aნადირაძე, თ _92250 |
||
| 700 |
_aნაცვლიშვილი, ბ _92251 |
||
| 700 |
_aგიორგაძე, ე _eრედაქტორი _9398 |
||
| 942 |
_cBK _2udc |
||